| 000 | 00290 a2200097 4500 | ||
|---|---|---|---|
| 082 | _a332.4619 CHR | ||
| 100 | _aChristiaensen, Luc | ||
| 245 |
_aDevelopment Targets and Costs / _cLuc Christiaensen, Christopher Scott , Quentin Wodon |
||
| 260 | _c2001 | ||
| 300 |
_a131-470p. : _bill. ; _c30 cm |
||
| 650 | _aTargets and Costs | ||
| 999 |
_c2075 _d2075 |
||